Driver's handbook for dodge 3 ton 4x2 160" W.B. (Record no. 548288)
[ view plain ]
| 000 -LEADER | |
|---|---|
| fixed length control field | 00393nam a22001337a 4500 |
| 082 ## - DEWEY DECIMAL CLASSIFICATION NUMBER | |
| Classification number | 629.28 |
| Author Mark | DRI |
| 100 ## - MAIN ENTRY--PERSONAL NAME | |
| Personal name | Chrysler Corporation of Canada, |
| 9 (RLIN) | 44522 |
| 245 ## - TITLE STATEMENT | |
| Title | Driver's handbook for dodge 3 ton 4x2 160" W.B. |
| 260 ## - PUBLICATION, DISTRIBUTION, ETC. | |
| Place of publication, distribution, etc. | Canada: |
| Name of publisher, distributor, etc. | Chrysler Corporation of Canada, |
| 300 ## - PHYSICAL DESCRIPTION | |
| Extent | 71p; |
| Other physical details | ill;: |
| Dimensions | 16cm |
| 526 ## - STUDY PROGRAM INFORMATION NOTE | |
| Program name | 0 |
| Interest level | 0 |
| Reading level | 0 |
| Title point value | 629_280000000000000_DRI |
| 650 ## - SUBJECT ADDED ENTRY--TOPICAL TERM | |
| Topical term or geographic name entry element | MCE |
| 9 (RLIN) | 379 |
| 942 ## - ADDED ENTRY ELEMENTS (KOHA) | |
| Source of classification or shelving scheme | |
| Koha item type | Book |
| Withdrawn status | Lost status | Source of classification or shelving scheme | Damaged status | Not for loan | Permanent Location | Current Location | Date acquired | Total Checkouts | Full call number | Barcode | Date last seen | Price effective from | Koha item type |
|---|---|---|---|---|---|---|---|---|---|---|---|---|---|
| Military College of Engineering (MCE) | Military College of Engineering (MCE) | 08/26/2014 | 629.28 DRI | MCE-40700 | 08/26/2014 | 08/26/2014 | Book |
